000 00225nam a2200097Ia 4500
008 170619s9999 xx 000 0 und d
100 _aHAMACHER- C
245 0 _aCOMPUTER ORGANISATION
260 _bPEARSON EDU. DELHI
260 _c2002
546 _aENGLISH
999 _c22947
_d22947